=LDR 00000nam 2200000 4500 =001 INLIS000000000034351 =005 20130612140248 =008 ***********************************ind** =035 ##$$0010-061300000034351 =041 ##$$a ind =082 ##$$a 510. 7 =090 ##$$a 510. 7, Toa m =100 ##$$a TO'Ali =245 ##$$a Matematika, Sekolah menengah kejuruan SMK untuk kelas XII, To'ali =260 ##$$a Depatermen Pendidikan Nasional $b Jakarta =300 ##$$a vii, 202 hlm, Ilus, 25 cm =650 ##$$a Matematika - Studc Pengajaran =850 ##$$a NBPNMAT